00677nam a2200193 a 450000100100000000500170001000800410002704000130006808200200008110000300010124500580013126000410018930000210023050000420025165000460029304900090033995201180034899900170046600001641720200929164422.0100305s1973 dr 000 0 spa d aDO-SdBNP a199.7293bC794f1 aCordero, Armándo93659613aLa filosofía en Santo Domingo /cArmándo Cordero. aSanto Domingo :bArte y Cine,c1973. a268 p. ;c23 cm. aIncluye notas al pie de las páginas 4aFilosofíazRepública Dominicana95667 aBNPD 0010718PDaPDbPDcCTd2010-03-05iLF1l0o199.7293 C794fp16417-10r2020-06-25w2020-06-25yLFPDZNo se presta c15952d15952